Λογοτέχνες του μικρασιατικού ελληνισμού

Αποθηκεύτηκε σε:
Λεπτομέρειες βιβλιογραφικής εγγραφής
Κύριος συγγραφέας: Ευστρατιάδης, Στρατής, 1916-
Μορφή: Βιβλίο
Γλώσσα:Greek
Δημοσίευση: Αθήνα : Ελληνικό Βιβλίο, 1982.
Θέματα:
Ετικέτες: Προσθήκη ετικέτας
Δεν υπάρχουν, Καταχωρήστε ετικέτα πρώτοι!

MARC

LEADER 00000nam a2200000 a 4500
001 1/127596
008 231030s1982####gr | ||| |||| ||gre||
040 |a GR-MyUa  |b gre  |c GR-MyUa  |e AACR2 
041 0 |a gre 
082 7 |a 889.092   |2 (23) 
100 1 |a Ευστρατιάδης, Στρατής,   |d 1916- 
245 1 0 |a Λογοτέχνες του μικρασιατικού ελληνισμού /   |c Στρατή Ευστρατιάδη.  
260 |a Αθήνα :   |b Ελληνικό Βιβλίο,   |c 1982.  
300 |a 126 σ. ;   |c 21 εκ.  
504 |a Βιβλιογραφία : σ. 127. Ευρετήριο.  
650 0 |a Authors, Greek  |x Biography  |z Turkey. 
852 |a INST  |b LESVOS  |e 20231030  |h 889.092 ΕΥΣ  |p 005100065746  |q 005100065746  |t BK  |y 0 
970 |a Καμάτσου  |b Δέσποινα  |z 30-10-2023